000 00403cam a22001097a 4500
008 180718b1972 xxu||||| |||| 00| 0 eng d
082 _aT112x5442 M278/1960-71
245 _aEstimates of state income of Maharashtra 1960-61 to 1970-71
_cby Bureau of Economics and Statistics
260 _aBombay
_bGovernment of Maharashtra
_c1972
300 _a29p
700 _aMaharashtra. Bureau of Economics and Statistics
999 _c496847
_d496847